Sports Quiz

Random Sports or Soccer Quiz

Premier League Hat-tricks - First For Each Nationality Quiz Stats

Quiz not verified by Sporcle

Challenge
Share
Tweet
Score 0/43 Timer 10:00
2 Plays Today
Club Player Name % Correct
Leicester CityRiyad Mahrez
94.4%
Manchester CityEdin Dzeko
87.9%
ArsenalAlexis Sanchez
87.3%
ChelseaDidier Drogba
85%
Tottenham HotspurDimitar Berbatov
84%
Manchester UnitedCristiano Ronaldo
83.5%
LiverpoolMohamed Salah
82.3%
LiverpoolLuis Suarez
78.7%
Leeds UnitedMark Viduka
77.5%
Tottenham HotspurRobbie Keane
77.1%
ArsenalDennis Bergkamp
76.8%
LiverpoolFernando Torres
76%
ArsenalEmmanuel Adebayor
73.7%
Aston VillaChristian Benteke
72.5%
FulhamClint Dempsey
72.3%
Manchester UnitedShinji Kagawa
71%
Manchester CityCarlos Tevez
67.5%
LiverpoolYossi Benayoun
66.3%
Tottenham HotspurJurgen Klinsmann
65.2%
ChelseaEidur Gudjohnsen
63.8%
Blackburn RoversRoque Santa Cruz
62.8%
Aston VillaDwight Yorke
62.3%
Club Player Name % Correct
West Bromwich AlbionSalomon Rondon
56.7%
ArsenalFredrik Ljungberg
55.9%
Leeds UnitedEric Cantona
49.9%
Crystal PalaceYannick Bolasie
47.8%
Leeds UnitedTony Yeboah
47.1%
Manchester CityPaulo Wanchope
46.9%
Manchester UnitedAndrei Kanchelskis
45.5%
MiddlesbroughFabrizio Ravanelli
42.5%
LiverpoolPatrik Berger
41.8%
Birmingham CityMikael Forssell
40.9%
MiddlesbroughAfonso Alves
40.1%
Wigan AthleticHenri Camara
26.2%
Aston VillaDean Saunders
24%
Coventry CityPeter Ndlovu
22.8%
Aston VillaSavo Milosevic
21.5%
Swindon TownJan Aage Fjortoft
19.3%
Norwich CityEfan Ekoku
19%
Charlton AthleticKevin Lisbie
12.6%
Norwich CityMark Robins
10%
West Bromwich AlbionSomen Tchoyi
8.7%
MiddlesbroughJohn Hendrie
6.2%

You're not logged in!

Compare scores with friends on all Sporcle quizzes.
Sign Up with Email
OR
Log In

You Might Also Like...

Show Comments

Extras

Top Quizzes Today


Score Distribution

Your Account Isn't Verified!

In order to create a playlist on Sporcle, you need to verify the email address you used during registration. Go to your Sporcle Settings to finish the process.

Report this User

Report this user for behavior that violates our Community Guidelines.

Details: